Process management in design and construction (Record no. 102433)

MARC details
000 -LEADER
fixed length control field 01127cam a2200313 4500
008 - FIXED-LENGTH DATA ELEMENTS--GENERAL INFORMATION
fixed length control field 020927n2005 000 0 eng u
020 ## - INTERNATIONAL STANDARD BOOK NUMBER
International Standard Book Number 140510211X
035 ## - SYSTEM CONTROL NUMBER
System control number (Sirsi) u119892
041 ## - LANGUAGE CODE
Language code of text/sound track or separate title eng.
050 ## - LIBRARY OF CONGRESS CALL NUMBER
Classification number 658.404
-- 18
100 ## - MAIN ENTRY--PERSONAL NAME
Personal name Cooper, Rachel
245 ## - TITLE STATEMENT
Title Process management in design and construction
260 ## - PUBLICATION, DISTRIBUTION, ETC.
Place of publication, distribution, etc. Oxford
Name of publisher, distributor, etc. Blackwell
Date of publication, distribution, etc. 2005
300 ## - PHYSICAL DESCRIPTION
Extent xi, 192p.
Dimensions 25cm.
350 ## - PRICE (NR) (BK AM CF MU VM SE) [OBSOLETE]
Price 45
520 ## - SUMMARY, ETC.
Summary, etc. Provides a comprehensive introduction to the field of process management in design and construction, in order to meet the business needs of the construction industry's highly competitive global environment. Practical guidance is offered by identifying potential pitfalls, illustrating best practice drawn from construction and appropriate manufacturing applications.
650 ## - SUBJECT ADDED ENTRY--TOPICAL TERM
Topical term or geographic name entry element PROCESS MANAGEMENT
650 ## - SUBJECT ADDED ENTRY--TOPICAL TERM
Topical term or geographic name entry element DESIGN
650 ## - SUBJECT ADDED ENTRY--TOPICAL TERM
Topical term or geographic name entry element BUILT ENVIRONMENT
650 ## - SUBJECT ADDED ENTRY--TOPICAL TERM
Topical term or geographic name entry element CONSTRUCTION PROCESS
690 ## - LOCAL SUBJECT ADDED ENTRY--TOPICAL TERM (OCLC, RLIN)
Topical term or geographic name as entry element Project management
9 (RLIN) 6261
700 ## - ADDED ENTRY--PERSONAL NAME
Personal name Aouad, G.
700 ## - ADDED ENTRY--PERSONAL NAME
Personal name Lee, A.
700 ## - ADDED ENTRY--PERSONAL NAME
Personal name Wu, S.
700 ## - ADDED ENTRY--PERSONAL NAME
Personal name Fleming, A.
700 ## - ADDED ENTRY--PERSONAL NAME
Personal name Kagioglou, Michail
942 ## - ADDED ENTRY ELEMENTS (KOHA)
Suppress in OPAC 0
Holdings
Withdrawn status Lost status Source of classification or shelving scheme Damaged status Not for loan Home library Current library Shelving location Date acquired Cost, normal purchase price Total Checkouts Full call number Barcode Date last seen Date last checked out Copy number Cost, replacement price Price effective from Koha item type
    Dewey Decimal Classification     London London Books 25/11/2004 45.00 7 658.404 COO 30069694 06/08/2019 17/11/2008 1 45.00 06/08/2019 Book